[Event "Titled Tue 17th Jun Late"]
[Site "chess.com INT"]
[Date "2025.06.17"]
[Round "2"]
[White "Dudin, Gleb"]
[Black "Swaminathan, Pranav"]
[Result "1/2-1/2"]
[WhiteTitle "GM"]
[WhiteElo "2574"]
[BlackElo "2113"]
[WhiteFideId "34184934"]
[BlackFideId "30970482"]
[EventDate "2025.06.17"]

1. e4 c5 2. Nf3 Nc6 3. Nc3 e5 4. Bc4 Be7 5. d3 Nf6 6. a4 O-O 7. O-O d6 8. Ng5 h6
9. Nf3 Bg4 10. h3 Be6 11. Re1 a6 12. Bxe6 fxe6 13. Ne2 b5 14. Ng3 Qb6 15. c3 b4
16. Qb3 Nd8 17. a5 Qb5 18. cxb4 Qxb4 19. Qxb4 cxb4 20. d4 exd4 21. Nxd4 d5 22.
exd5 Nxd5 23. Nxe6 Nxe6 24. Rxe6 Bc5 25. Ne4 Bd4 26. Kf1 Rac8 27. Rd6 Ne3+ 28.
Bxe3 Bxe3 29. Rxa6 Bxf2 30. Nxf2 Rc2 31. Kg1 Rfxf2 32. Rg6 Kh7 33. Rg4 Rxb2 34.
a6 Ra2 35. Re1 Rf7 36. Re6 b3 37. Rb6 b2 38. Kh2 Ra7 39. Rgb4 R7xa6 40. Rxa6
Rxa6 41. Rxb2 Rf6 42. Re2 Rf7 43. Re3 Rf6 44. Re2 Rf7 45. Re3 Rf6 46. Re2 1/2-1/2

[Event "Titled Tue 17th Jun Late"]
[Site "chess.com INT"]
[Date "2025.06.17"]
[Round "2"]
[White "Atkeson, Christopher Timothy"]
[Black "Ramirez Gonzalez, Mauricio"]
[Result "0-1"]
[BlackTitle "FM"]
[WhiteElo "2008"]
[BlackElo "2115"]
[WhiteFideId "39956547"]
[BlackFideId "3904326"]
[EventDate "2025.06.17"]

1. e4 e6 2. d4 d5 3. Nd2 c5 4. Ngf3 cxd4 5. Nxd4 Nf6 6. e5 Nfd7 7. N2f3 Nc6 8.
Nxc6 bxc6 9. Bd3 Be7 10. O-O c5 11. c4 Bb7 12. Re1 O-O 13. Qc2 h6 14. cxd5 Bxd5
15. Be4 Nb6 16. Be3 Rc8 17. Rad1 Qd7 18. Qc1 Qc6 19. Bxd5 exd5 20. Bf4 Rfd8 21.
b3 Nd7 22. Bg3 Nf8 23. Qd2 Ne6 24. Bh4 g5 25. Bg3 c4 26. h4 g4 27. Nh2 h5 28.
Qh6 Ng7 29. e6 fxe6 30. Be5 Bf8 31. Bf6 Rd7 32. bxc4 Qxc4 33. Be5 Qa6 34. Nf1
Re8 35. Ng3 Rf7 36. Nxh5 Qxa2 37. Nf6+ Rxf6 38. Bxf6 Qc2 39. h5 Qf5 40. Re5 Qc2
41. Rde1 a5 42. Rg5 Qh7 43. Qg6 Qxg6 44. Rxg6 Kf7 45. Bxg7 Bxg7 46. Re5 a4 47.
Re3 Bb2 48. Rxg4 a3 49. Ra4 Rh8 50. Ra7+ Kf6 51. Rf3+ Ke5 52. g4 Rg8 53. Rg3 Kf4
54. Kg2 d4 55. h6 e5 56. h7 Rh8 57. g5 e4 58. g6 d3 59. g7 Bxg7 60. Rgxg7 d2 61.
Rgf7+ Ke5 62. Rfd7 Rxh7 63. Rxa3 Rxd7 64. Ra1 d1=Q 65. Rxd1 Rxd1 0-1

[Event "Titled Tue 17th Jun Late"]
[Site "chess.com INT"]
[Date "2025.06.17"]
[Round "2"]
[White "Guarin Fonseca, Nobel Alfredo"]
[Black "Petersson, Kjell"]
[Result "0-1"]
[WhiteTitle "FM"]
[BlackTitle "CM"]
[WhiteElo "2035"]
[BlackElo "2068"]
[WhiteFideId "4477731"]
[BlackFideId "1705148"]
[EventDate "2025.06.17"]

1. d4 f5 2. Nf3 Nf6 3. c4 e6 4. Nc3 Bb4 5. Bd2 O-O 6. e3 b6 7. Be2 Bb7 8. Rc1 d6
9. a3 Bxc3 10. Bxc3 Nbd7 11. O-O Ne4 12. Nd2 Ndf6 13. Bf3 Rb8 14. b4 Qe7 15. Ba1
g5 16. Nxe4 Bxe4 17. d5 e5 18. Bxe4 Nxe4 19. f4 g4 20. fxe5 dxe5 21. c5 Rf6 22.
cxb6 Rbxb6 23. Qc2 Rb7 24. Rxf5 Rxf5 25. Qxe4 Rg5 26. Rc6 Rb6 27. Qc4 Rxc6 28.
Qxc6 Rf5 29. e4 Rf4 30. g3 Rf3 31. Qe6+ Qxe6 32. dxe6 Rxa3 33. Bxe5 Kf8 34. Bxc7
Ke7 35. e5 Kxe6 36. Bd6 Ra2 37. Kh1 h5 38. Kg1 a6 39. Kh1 Rd2 40. Kg1 Rxd6 41.
exd6 Kxd6 42. Kf2 Kd5 43. Ke3 Kc4 44. Kf4 Kxb4 45. Kg5 a5 46. Kxh5 a4 47. Kxg4
a3 48. h4 a2 49. h5 a1=Q 50. Kh4 Qg7 51. g4 Kc5 52. g5 Kd4 53. h6 Qg6 54. Kg4
Ke4 55. Kh4 Kf4 56. Kh3 Qxg5 57. h7 Qg3# 0-1

[Event "Titled Tue 17th Jun Late"]
[Site "chess.com INT"]
[Date "2025.06.17"]
[Round "2"]
[White "Gkavardinas, Antonios"]
[Black "Deac, Bogdan-Daniel"]
[Result "0-1"]
[WhiteTitle "FM"]
[BlackTitle "GM"]
[WhiteElo "2278"]
[BlackElo "2674"]
[WhiteFideId "25883097"]
[BlackFideId "1226380"]
[EventDate "2025.06.17"]

1. b3 Nf6 2. Bb2 g6 3. g3 d5 4. Bg2 Bg7 5. Nf3 c5 6. O-O O-O 7. d3 Qc7 8. Nbd2
Nc6 9. e4 Rd8 10. Qe2 dxe4 11. dxe4 Nxe4 12. Bxg7 Nxd2 13. Nxd2 Kxg7 14. Nc4 Nd4
15. Qe4 Rb8 16. Ne3 Be6 17. Kh1 Nc6 18. Rad1 Rxd1 19. Rxd1 Rd8 20. Rxd8 Qxd8 21.
h4 Qd4 22. Qf3 h5 23. Kh2 Qd2 24. Qf4 Qd6 25. Qa4 Bd7 26. Qe4 b6 27. Nc4 Qd4 28.
Qe2 Qf6 29. Ne3 Nd4 30. Qd1 Bc6 31. f4 Bxg2 32. Kxg2 Qc6+ 33. Kf2 Qe4 34. c3 Nb5
35. Qd2 Nd6 36. a4 Qb1 37. Qd5 Qb2+ 38. Kf3 Qxc3 39. f5 Nxf5 40. Qe4 Qxe3+ 0-1

[Event "Titled Tue 17th Jun Late"]
[Site "chess.com INT"]
[Date "2025.06.17"]
[Round "2"]
[White "Rajaram, Rohan"]
[Black "Hofstadler, Mario"]
[Result "1-0"]
[WhiteTitle "CM"]
[BlackTitle "CM"]
[WhiteElo "2164"]
[BlackElo "2172"]
[WhiteFideId "30940729"]
[BlackFideId "1660497"]
[EventDate "2025.06.17"]

1. Nf3 d5 2. e3 e6 3. b3 Nf6 4. Bb2 Be7 5. d3 O-O 6. Nbd2 a5 7. a4 b6 8. Be2
Nbd7 9. O-O Bb7 10. c4 c5 11. Qc2 Rc8 12. Rad1 Qc7 13. Nb1 Qb8 14. Nc3 Rfd8 15.
Nb5 e5 16. Rd2 d4 17. e4 Nh5 18. Nh4 Nf4 19. Nf5 Bf6 20. Bf3 Nf8 21. g3 N4e6 22.
h4 g6 23. Nh6+ Kg7 24. Ng4 Be7 25. Re2 h5 26. Nh2 Nh7 27. Bc1 Rc6 28. Bg2 Bc8
29. f4 f6 30. f5 Nef8 31. Qd2 g5 32. hxg5 fxg5 33. Ref2 Bf6 34. Qd1 g4 35. Nxg4
hxg4 36. Qxg4+ Kh8 37. Qh5 Bd7 38. g4 Be8 39. Qh3 Kg8 40. g5 Nxg5 41. Bxg5 Bxg5
42. f6 Bf7 43. Rf5 Nh7 44. Qg3 Bg6 45. Rxe5 Rf8 46. Rxg5 Nxg5 47. Qxg5 Kf7 48.
e5 Re6 49. Bd5 Re8 50. Nd6+ Qxd6 51. exd6 Rg8 52. Bxe6+ 1-0

[Event "Titled Tue 17th Jun Late"]
[Site "chess.com INT"]
[Date "2025.06.17"]
[Round "2"]
[White "Bryakin, Mikhail"]
[Black "Graif, William"]
[Result "0-1"]
[WhiteTitle "GM"]
[BlackTitle "FM"]
[WhiteElo "2462"]
[BlackElo "2211"]
[WhiteFideId "4165314"]
[BlackFideId "2609835"]
[EventDate "2025.06.17"]

1. Nf3 c5 2. c4 g6 3. g3 Bg7 4. Nc3 e5 5. Bg2 Ne7 6. O-O O-O 7. Ne1 f5 8. Nc2 f4
9. b4 d6 10. Rb1 Nbc6 11. a3 Rb8 12. Bb2 h5 13. Ne4 b6 14. e3 Bg4 15. f3 Bf5 16.
Qe2 Qd7 17. Rbc1 Bh6 18. Rfd1 g5 19. d4 Bxe4 20. fxe4 g4 21. exf4 exf4 22. gxf4
Ng6 23. f5 Nf4 24. Qf2 Nxg2 25. Qxg2 Bxc1 26. Rxc1 Rbe8 27. Rd1 Qg7 28. Ba1 Qg5
29. bxc5 bxc5 30. dxc5 dxc5 31. Bc3 Rd8 32. Rf1 Rd3 33. Be1 Ne5 34. Qe2 Rfd8 35.
f6 Nf3+ 36. Kh1 Qxf6 37. Ne3 Qg5 38. Nd5 Rxa3 39. Bc3 Rxc3 40. Nxc3 Rd2 41. Qg2
Rxg2 42. Kxg2 Qd2+ 43. Rf2 Qxc3 44. Kg3 Ne5+ 45. Kf4 Nd3+ 46. Kg5 Nxf2 0-1

[Event "Titled Tue 17th Jun Late"]
[Site "chess.com INT"]
[Date "2025.06.17"]
[Round "2"]
[White "Lira, Suan Bruno Fernandes"]
[Black "Martinez Ramirez, Lennis"]
[Result "0-1"]
[BlackTitle "IM"]
[WhiteElo "2163"]
[BlackElo "2442"]
[WhiteFideId "22794620"]
[BlackFideId "3509079"]
[EventDate "2025.06.17"]

1. e4 e6 2. d4 d5 3. Nd2 a6 4. e5 c5 5. c3 Bd7 6. f4 cxd4 7. cxd4 Bb5 8. Ne2 Nc6
9. Nf3 Bb4+ 10. Bd2 Bxd2+ 11. Qxd2 Nge7 12. g3 Nf5 13. Bh3 Bxe2 14. Kxe2 Nfe7
15. Rhc1 Qb6 16. Rc3 O-O 17. Rac1 Rac8 18. b3 Na7 19. g4 Rxc3 20. Rxc3 Nb5 21.
Rc5 Nc6 22. b4 Na3 23. f5 Qxb4 24. Qxb4 Nxb4 25. Rc7 exf5 26. gxf5 b6 27. e6 Nb5
28. Rb7 Nc6 29. Kd3 fxe6 30. Rxb6 Nb4+ 31. Ke3 exf5 32. Ne5 Nc2+ 33. Kd3 Ncxd4
34. Rxa6 Rc8 35. a4 Rc3+ 36. Kd2 g6 37. axb5 Rxh3 38. b6 Rb3 39. Ra8+ Kg7 40.
Nd7 Kh6 41. Ra7 Nc6 42. Rc7 Na5 43. Kc2 Rb5 44. Kd3 Kg5 45. Kd4 f4 46. Rc5 Nb3+
47. Kxd5 Nxc5 48. Kc6 Nxd7 0-1

[Event "Titled Tue 17th Jun Late"]
[Site "chess.com INT"]
[Date "2025.06.17"]
[Round "2"]
[White "Ozates, Tuna"]
[Black "Galchenko, Matvey"]
[Result "0-1"]
[WhiteTitle "FM"]
[BlackTitle "IM"]
[WhiteElo "2217"]
[BlackElo "2435"]
[WhiteFideId "6354521"]
[BlackFideId "24175480"]
[EventDate "2025.06.17"]

1. e4 e6 2. d4 d5 3. exd5 exd5 4. Bd3 Nf6 5. h3 c5 6. dxc5 Bxc5 7. Nf3 O-O 8.
O-O Nc6 9. Nc3 h6 10. Bf4 Re8 11. Re1 Be6 12. Ne5 Rc8 13. Nxc6 bxc6 14. Qf3 Qe7
15. Re2 Bd6 16. Rae1 Rb8 17. b3 Rb4 18. Bxd6 Qxd6 19. g3 Rbb8 20. Kg2 Nd7 21.
Bf5 Nf8 22. Na4 Red8 23. Bxe6 Nxe6 24. c3 c5 25. Rd2 d4 26. Nb2 Qa6 27. Nc4 dxc3
28. Qxc3 Nd4 29. Qe3 Qc6+ 30. Qe4 Qb5 31. Ne5 Re8 32. Qd5 Re7 33. Re3 Qe8 34.
Qxc5 Nf5 35. Ree2 Rb5 36. Qc6 Rbxe5 37. Qxe8+ Rxe8 38. Rxe5 Rxe5 39. Rd7 Ra5 40.
a4 Ra6 41. f4 Rb6 42. Rxa7 Rxb3 43. a5 Rxg3+ 44. Kf2 Ra3 45. a6 Rxh3 46. Rb7 Ra3
47. a7 Kh7 48. Rxf7 Nd6 49. Rd7 Nb5 50. f5 Rxa7 0-1

[Event "Titled Tue 17th Jun Late"]
[Site "chess.com INT"]
[Date "2025.06.17"]
[Round "2"]
[White "Liyanage, Pesandu Rashmitha"]
[Black "Suleymanli, Suleyman"]
[Result "1/2-1/2"]
[WhiteTitle "FM"]
[BlackTitle "FM"]
[WhiteElo "2129"]
[BlackElo "2308"]
[WhiteFideId "9947876"]
[BlackFideId "13416375"]
[EventDate "2025.06.17"]

1. Nf3 d5 2. c4 dxc4 3. e3 Nf6 4. Bxc4 e6 5. b3 a6 6. Bb2 c5 7. O-O Be7 8. Nc3
b5 9. Be2 Bb7 10. Rc1 Nbd7 11. Qc2 O-O 12. Rfe1 Rc8 13. d3 Qb6 14. a3 Rfd8 15.
Qb1 h6 16. Qa1 Bf8 17. Nb1 Rc7 18. Nbd2 Rdc8 19. Kh1 Bd5 20. Rg1 a5 21. g4 Nh7
22. e4 Ba8 23. g5 Nxg5 24. Nxg5 hxg5 25. Rxg5 e5 26. Rcg1 f6 27. R5g3 c4 28.
dxc4 Qxf2 29. R3g2 Qe3 30. cxb5 Qxd2 31. Bc4+ Rxc4 32. Rxd2 Bxe4+ 33. Rgg2 Rc2
34. Kg1 Bxg2 35. Rxg2 Rxg2+ 36. Kxg2 Rc2+ 37. Kg1 Bc5+ 38. Kh1 Nb6 39. a4 Nd5
40. Ba3 Bd4 41. Qd1 Ne3 42. Qh5 Bc5 43. Qe8+ Kh7 44. Qh5+ Kg8 45. Qe8+ Kh7 46.
Qh5+ Kg8 1/2-1/2

[Event "Titled Tue 17th Jun Late"]
[Site "chess.com INT"]
[Date "2025.06.17"]
[Round "2"]
[White "Araujo Filho, Luiz Antonio Coel"]
[Black "Rees, Ioan"]
[Result "0-1"]
[BlackTitle "FM"]
[WhiteElo "2077"]
[BlackElo "2280"]
[WhiteFideId "2130661"]
[BlackFideId "1801236"]
[EventDate "2025.06.17"]

1. d4 Nf6 2. Nf3 g6 3. c4 Bg7 4. Nc3 d5 5. cxd5 Nxd5 6. e4 Nxc3 7. bxc3 O-O 8.
Be2 c5 9. O-O Bg4 10. Be3 Qa5 11. Qb3 Nc6 12. d5 Ne5 13. Rac1 Nxf3+ 14. gxf3 Bh3
15. Rfd1 Qc7 16. c4 Be5 17. f4 Bg7 18. e5 Bf5 19. Bf3 Rad8 20. Rd2 b6 21. Rcd1
Qc8 22. Qa4 Bg4 23. Bxg4 Qxg4+ 24. Kf1 g5 25. fxg5 Bxe5 26. Qxa7 Bxh2 27. Qxe7
Rfe8 28. Qf6 Rd6 29. Qc3 Qf3 30. Rd3 Be5 31. Qb3 Bd4 32. Re1 Qh3+ 33. Ke2 Qh5+
34. Kd2 Bxe3+ 35. Rdxe3 Qxg5 36. Kc2 Qf5+ 37. Kb2 Qxf2+ 38. R1e2 Rxe3 39. Qxe3
Qxe3 40. Rxe3 h5 41. Kb3 h4 42. Rh3 Rh6 43. Ka4 Kf8 44. Kb5 Ke7 45. a4 Kd7 46.
a5 bxa5 47. Kxc5 f5 48. Kb5 Kd6 49. Rd3 h3 50. c5+ Ke5 51. Rd1 h2 52. c6 h1=Q
53. Rxh1 Rxh1 54. c7 Rc1 55. Kb6 Kxd5 0-1

[Event "Titled Tue 17th Jun Late"]
[Site "chess.com INT"]
[Date "2025.06.17"]
[Round "2"]
[White "Anhwere, Bernard"]
[Black "Kochetkov, German"]
[Result "0-1"]
[WhiteTitle "CM"]
[BlackTitle "IM"]
[WhiteElo "1906"]
[BlackElo "2277"]
[WhiteFideId "12600580"]
[BlackFideId "13500635"]
[EventDate "2025.06.17"]

1. d4 d6 2. c4 e5 3. Nf3 e4 4. Ng1 f5 5. e3 Nf6 6. Ne2 c6 7. Nbc3 g6 8. Ng3 Bg7
9. Be2 O-O 10. O-O Na6 11. a3 Nc7 12. b4 a6 13. Bb2 Be6 14. Qd2 Qe7 15. Na4 Rad8
16. Rad1 b5 17. Nb6 Qf7 18. c5 dxc5 19. bxc5 Ncd5 20. Nxd5 Bxd5 21. Bc3 h5 22.
Rfe1 h4 23. Nf1 Bh6 24. Ba5 Rd7 25. a4 g5 26. axb5 axb5 27. Bb6 f4 28. Ra1 Qe6
29. h3 f3 30. Bd1 g4 31. gxf3 gxf3 32. Kh2 Rg7 33. Ng3 hxg3+ 34. fxg3 f2 35. Rf1
Rgf7 36. Ra7 Nh7 37. Rxf7 Qxf7 38. Kg2 Ng5 39. Rxf2 Qxf2+ 40. Qxf2 Rxf2+ 41.
Kxf2 Nxh3+ 42. Kg2 Ng5 43. Kf2 Ne6 44. Bg4 Kf7 45. Ba5 Ng7 46. Be2 Nf5 47. Bd2
Nxd4 48. Bh5+ Ke7 49. Bc3 Nf5 50. Bd2 Bg5 51. g4 Nh4 52. Kg3 Nf3 53. Bc3 Bxe3
54. Bg6 Bxc5 0-1

[Event "Titled Tue 17th Jun Late"]
[Site "chess.com INT"]
[Date "2025.06.17"]
[Round "2"]
[White "Stemmler, Fabian"]
[Black "Makaraci, Tunahan"]
[Result "0-1"]
[WhiteTitle "CM"]
[BlackTitle "FM"]
[WhiteElo "2190"]
[BlackElo "2233"]
[WhiteFideId "12964808"]
[BlackFideId "6356559"]
[EventDate "2025.06.17"]

1. e4 c5 2. Nf3 d6 3. d4 cxd4 4. Nxd4 Nf6 5. Nc3 g6 6. Be3 Bg7 7. Be2 O-O 8. O-O
Nc6 9. f4 Qb6 10. Qd3 Nb4 11. Qd2 Qd8 12. a3 Nc6 13. Rad1 Bd7 14. h3 Rc8 15. Bf3
Qc7 16. Nxc6 Bxc6 17. Rfe1 Rfd8 18. Qf2 b6 19. Rd2 Qb7 20. Nd5 Nxd5 21. exd5 Bd7
22. Bd4 Be8 23. Bxg7 Kxg7 24. Qd4+ f6 25. Rde2 Rc7 26. g4 Rdc8 27. g5 Bf7 28.
Rxe7 Rxe7 29. gxf6+ Kg8 30. fxe7 Re8 31. Qf6 Qc8 32. Bg4 Qc5+ 33. Kf1 Qc4+ 34.
Kg1 Qc5+ 35. Kh2 Qxc2+ 36. Kg3 Qb3+ 37. Kh4 Qxd5 38. Be6 Bxe6 39. Rxe6 Qf5 40.
Qxf5 gxf5 41. Kg5 Kf7 42. Kxf5 Rxe7 43. Rxd6 Re2 44. Rh6 Kg7 45. Rd6 Rxb2 46.
Rd7+ Kh6 47. Rxa7 Rb3 48. Kg4 Kg6 49. h4 h5# 0-1

[Event "Titled Tue 17th Jun Late"]
[Site "chess.com INT"]
[Date "2025.06.17"]
[Round "2"]
[White "Nita, Lucian"]
[Black "Baturin-Vinogradov, Miroslav"]
[Result "0-1"]
[BlackTitle "CM"]
[WhiteElo "2143"]
[BlackElo "2046"]
[WhiteFideId "1206923"]
[BlackFideId "55745741"]
[EventDate "2025.06.17"]

1. e4 e5 2. Nf3 Nc6 3. Bb5 a6 4. Bxc6 dxc6 5. d4 exd4 6. Qxd4 Qxd4 7. Nxd4 Nf6
8. O-O Bc5 9. c3 O-O 10. Nd2 Re8 11. f3 Ba7 12. Kh1 c5 13. N4b3 b5 14. c4 Be6
15. a4 c6 16. Na5 Rec8 17. Ndb3 Bb6 18. Be3 Nd7 19. Rfc1 Rab8 20. Rc2 Ne5 21.
axb5 cxb5 22. cxb5 axb5 23. Nd2 Ra8 24. Nab3 Rxa1+ 25. Nxa1 Nc4 26. Nxc4 Bxc4
27. Rc1 Ra8 28. b3 Bd3 29. g3 Rc8 30. Kg2 f5 31. exf5 Bxf5 32. Kf2 Ba5 33. Nc2
Bc3 34. Ne1 b4 35. g4 Bg6 36. Ng2 Bf7 37. Nf4 Bxb3 38. Ne2 Ra8 39. Nxc3 bxc3 40.
Rxc3 c4 41. Kg3 Ra2 42. h4 Kf7 43. h5 g6 44. Bd4 Ke6 45. hxg6 hxg6 46. Kf4 Kd5
47. g5 Kxd4 48. Rc1 c3 49. Re1 c2 50. Rc1 Rb2 51. Rxc2 Rxc2 52. Kg4 Ke3 0-1

[Event "Titled Tue 17th Jun Late"]
[Site "chess.com INT"]
[Date "2025.06.17"]
[Round "2"]
[White "Borisov, Yuri"]
[Black "Ahmad, Khagan"]
[Result "0-1"]
[WhiteTitle "FM"]
[BlackTitle "IM"]
[WhiteElo "2285"]
[BlackElo "2394"]
[WhiteFideId "1503928"]
[BlackFideId "13431552"]
[EventDate "2025.06.17"]

1. e4 c5 2. Nc3 Nc6 3. Bc4 e6 4. d3 Nf6 5. f4 d5 6. Bb3 dxe4 7. Nxe4 Nxe4 8.
dxe4 Qxd1+ 9. Kxd1 Nd4 10. Be3 Nxb3 11. axb3 b6 12. Nf3 Bb7 13. e5 Be7 14. Ke2
Kd7 15. Rhd1+ Kc7 16. c4 Rhd8 17. g4 Rxd1 18. Rxd1 a5 19. f5 a4 20. Bf4 axb3 21.
f6 Bf8 22. Ng5 Ra4 23. Nxf7 Rxc4 24. Bg3 Rxg4 25. Nd6 gxf6 26. exf6 Rxg3 27.
Ne8+ Kc8 28. hxg3 Bd5 29. Ng7 Kd7 30. Nf5 Ke8 31. Ne3 Bc6 32. g4 Kf7 33. g5 h6
34. Nc4 Bb5 35. Kd3 hxg5 36. Kc3 Bxc4 37. Kxc4 Kxf6 38. Rf1+ Kg7 39. Kb5 Bd6 40.
Kxb6 g4 41. Kc6 Be7 42. Rg1 Kf6 43. Rxg4 Kf5 44. Rg3 c4 45. Kb5 Ba3 46. Kxc4
Bxb2 47. Kxb3 Be5 48. Rf3+ Ke4 49. Rf7 Bf4 50. Kc4 e5 51. Re7 Kf3 52. Kd5 Bg3
53. Re6 Bf4 54. Rf6 e4 55. Rf5 e3 56. Rf7 e2 57. Re7 Be3 58. Rf7+ Bf4 59. Re7
Be3 60. Rf7+ Kg4 61. Re7 e1=Q 0-1

[Event "Titled Tue 17th Jun Late"]
[Site "chess.com INT"]
[Date "2025.06.17"]
[Round "2"]
[White "Holt, Conrad"]
[Black "Bulgak, Damir"]
[Result "1-0"]
[WhiteTitle "GM"]
[BlackTitle "CM"]
[WhiteElo "2540"]
[BlackElo "2213"]
[WhiteFideId "2034387"]
[BlackFideId "13528882"]
[EventDate "2025.06.17"]

1. d4 Nf6 2. c4 e6 3. Nc3 d5 4. cxd5 exd5 5. Bg5 c6 6. e3 Be7 7. Qc2 h6 8. Bh4
Nh5 9. Bxe7 Qxe7 10. Be2 Nf6 11. Nf3 Bg4 12. h3 Bh5 13. g4 Bg6 14. Qb3 Be4 15.
Rg1 Bxf3 16. Bxf3 Na6 17. Rc1 O-O 18. h4 Nh7 19. Be2 Rab8 20. g5 hxg5 21. hxg5
Nxg5 22. Kd2 f5 23. f4 Ne4+ 24. Nxe4 Qxe4 25. Rg3 Rf7 26. Bxa6 Re8 27. Bd3 Qe7
28. Rcg1 Qh4 29. Qc2 Qh5 30. Qc1 Kf8 31. Qf1 Qh2+ 32. R1g2 Qh6 33. Qg1 Re6 34.
Rh2 Qf6 35. Rh8+ Ke7 36. Rb8 Kd6 37. Rg8 Ree7 38. Rg6 Kc7 39. Rxf6 gxf6 40. Qg6
Kb6 41. Bxf5 a5 42. Be6 Rh7 43. Kd3 Rh2 44. Qxf6 Reh7 45. Qd8+ Kb5 46. Bxd5 Rxb2
47. Bc4+ Ka4 48. Bb3+ Ka3 49. Qd6+ c5 50. Qxc5# 1-0

[Event "Titled Tue 17th Jun Late"]
[Site "chess.com INT"]
[Date "2025.06.17"]
[Round "2"]
[White "Ambartsumova, Karina"]
[Black "Tsydypov, Zhamsaran"]
[Result "1/2-1/2"]
[WhiteTitle "IM"]
[BlackTitle "GM"]
[WhiteElo "2403"]
[BlackElo "2514"]
[WhiteFideId "4166299"]
[BlackFideId "4108566"]
[EventDate "2025.06.17"]

1. Nf3 g6 2. d4 Bg7 3. g3 c5 4. d5 b5 5. e4 a6 6. a4 b4 7. Bg2 d6 8. O-O Nd7 9.
a5 Ngf6 10. Re1 O-O 11. Nbd2 Bb7 12. Nc4 Ng4 13. Nfd2 Nge5 14. f4 Nxc4 15. Nxc4
Qc7 16. Qe2 e6 17. dxe6 fxe6 18. Qd3 Bd4+ 19. Be3 e5 20. c3 exf4 21. gxf4 Bxe3+
22. Qxe3 Rae8 23. Qd2 Re6 24. f5 Ref6 25. Rad1 d5 26. exd5 Rxf5 27. Re7 Rf2 28.
Qh6 R8f7 29. Rxf7 Rxf7 30. d6 Qb8 31. Qh3 Bxg2 32. Qxg2 bxc3 33. bxc3 Qb3 34.
Qe2 Kg7 35. Rf1 Rxf1+ 36. Kxf1 Qb1+ 37. Kg2 Qf5 38. Qe7+ Kg8 39. Ne3 Qf7 40.
Qd8+ Nf8 41. c4 Qd7 42. Qe7 Qe6 43. Kg3 h5 44. Nd5 Qg4+ 45. Kf2 Qd4+ 46. Kg2
Qg4+ 47. Kf2 Qd4+ 48. Kg2 Qg4+ 49. Kf2 1/2-1/2

[Event "Titled Tue 17th Jun Late"]
[Site "chess.com INT"]
[Date "2025.06.17"]
[Round "2"]
[White "Yatskar, Martin"]
[Black "Mai, Alexander Oliver"]
[Result "1-0"]
[WhiteTitle "CM"]
[BlackTitle "CM"]
[WhiteElo "2225"]
[BlackElo "2171"]
[WhiteFideId "34109676"]
[BlackFideId "2313391"]
[EventDate "2025.06.17"]

1. d4 Nf6 2. c4 e6 3. Nc3 c5 4. d5 exd5 5. cxd5 d6 6. e4 g6 7. h3 Bg7 8. Nf3 O-O
9. Bd3 b5 10. Nxb5 Re8 11. O-O Nxe4 12. Bxe4 Rxe4 13. Bg5 Qd7 14. Nc3 Rb4 15.
Qd2 Na6 16. Rfe1 f6 17. Bf4 Rab8 18. b3 c4 19. Re6 cxb3 20. axb3 Bf8 21. Ne4
Rxe4 22. Rxe4 Nc5 23. Rb4 Nxb3 24. Rxb8 Nxd2 25. Bxd2 Qc7 26. Ra8 Bb7 27. R1xa7
Qb6 28. Bh6 Bxa8 29. Rxa8 Kf7 30. Rxf8+ Ke7 31. Rh8 Qb1+ 32. Kh2 g5 33. h4 g4
34. Nd4 Qe4 35. Nc6+ Kd7 36. Nb8+ Kc7 37. g3 Qxd5 38. Be3 Qe4 39. Na6+ Kc6 40.
Nb8+ Kb7 41. Nd7 Kc7 42. Nxf6 Qf3 43. Rxh7+ Kc6 44. Nh5 d5 45. Rh6+ Kd7 46. Nf4
d4 47. Bxd4 Ke7 48. Be3 Kd7 49. Rg6 Kc7 50. h5 Kd7 51. h6 Ke7 52. h7 Qa8 53. Rg8
Qf3 54. h8=Q Qg2+ 55. Nxg2 1-0

[Event "Titled Tue 17th Jun Late"]
[Site "chess.com INT"]
[Date "2025.06.17"]
[Round "2"]
[White "Linares Orellana, Hector Jose"]
[Black "Chakrabarti, Brejesh"]
[Result "0-1"]
[WhiteTitle "FM"]
[BlackTitle "FM"]
[WhiteElo "2111"]
[BlackElo "2282"]
[WhiteFideId "7304307"]
[BlackFideId "30969280"]
[EventDate "2025.06.17"]

1. e4 c5 2. Nf3 Nc6 3. Bb5 g6 4. c3 Bg7 5. O-O e5 6. d3 Nge7 7. Be3 d6 8. d4
cxd4 9. cxd4 exd4 10. Nxd4 O-O 11. Nc3 a6 12. Ba4 b5 13. Bb3 Bb7 14. Qd2 Re8 15.
a3 Ne5 16. f3 d5 17. exd5 Nxd5 18. Nxd5 Bxd5 19. Bxd5 Qxd5 20. b3 Rad8 21. Rad1
Qb7 22. Qf2 Qe7 23. a4 bxa4 24. bxa4 Ng4 25. Nc6 Qxe3 26. Qxe3 Nxe3 27. Rxd8
Rxd8 28. Re1 Re8 29. Kf2 Bh6 30. g3 Kf8 31. h3 Nf5 32. Rxe8+ Kxe8 33. Nb4 a5 34.
Nc6 Bd2 35. g4 Nd6 36. Ke2 Bb4 37. Kd3 Kd7 38. Ne5+ Ke6 39. f4 Be1 40. Kd4 Bf2+
41. Kd3 Bg3 42. Nc6 Bxf4 43. Nxa5 Kd5 44. Nb3 Nb7 45. a5 Nc5+ 46. Nxc5 Kxc5 47.
Ke4 Bd6 48. h4 Kb5 49. h5 g5 50. Kf5 Be7 51. Ke5 Kxa5 52. Kd5 Kb5 53. Ke5 Kc5
54. Kf5 Kd5 55. h6 Kd6 56. Ke4 Ke6 57. Kd4 Kf6 58. Ke4 Kg6 59. Kd5 Kxh6 60. Kc6
Kg6 61. Kd7 f5 62. gxf5+ Kxf5 63. Kxe7 h5 0-1

[Event "Titled Tue 17th Jun Late"]
[Site "chess.com INT"]
[Date "2025.06.17"]
[Round "2"]
[White "Yedidia, Daniel"]
[Black "Terron Elena, Francisco M."]
[Result "1-0"]
[BlackTitle "FM"]
[WhiteElo "2079"]
[BlackElo "2148"]
[WhiteFideId "30905907"]
[BlackFideId "2210576"]
[EventDate "2025.06.17"]

1. d4 d5 2. c4 dxc4 3. Nf3 Nf6 4. e3 Bg4 5. Bxc4 e6 6. O-O Nbd7 7. Re1 Bd6 8. h3
Bh5 9. e4 e5 10. Bg5 O-O 11. Be2 h6 12. dxe5 Nxe5 13. Bh4 Qe7 14. Nc3 c6 15. Nd4
Bg6 16. f4 Bc5 17. Kh1 Rad8 18. fxe5 Qxe5 19. Nf3 Qf4 20. Qa4 b5 21. Qb3 Nxe4
22. Nxe4 Bxe4 23. Bxd8 Rxd8 24. Rad1 Bd6 25. Rxd6 Rxd6 26. Rd1 Rg6 27. Qc3 Qg3
28. Rg1 a5 29. Qe5 Bd5 30. Qxg3 Rxg3 31. Kh2 Rg6 32. Re1 Bxa2 33. Ne5 Re6 34.
Bg4 Re7 35. Re2 Bd5 36. Nd3 Ra7 37. Kg3 a4 38. Re8+ Kh7 39. Rb8 a3 40. bxa3 Rxa3
41. Bf5+ g6 42. Kf4 gxf5 43. Ne5 Be4 44. Nxf7 c5 45. g4 b4 46. gxf5 Rc3 47. Kxe4
b3 48. Ke5 c4 49. f6 Kg6 50. Nd6 1-0

[Event "Titled Tue 17th Jun Late"]
[Site "chess.com INT"]
[Date "2025.06.17"]
[Round "2"]
[White "Kravtsiv, Martyn"]
[Black "Yildiz, Egehan"]
[Result "1/2-1/2"]
[WhiteTitle "GM"]
[BlackTitle "FM"]
[WhiteElo "2598"]
[BlackElo "2198"]
[WhiteFideId "14113147"]
[BlackFideId "44518072"]
[EventDate "2025.06.17"]

1. e4 c6 2. d4 d5 3. e5 c5 4. Nf3 cxd4 5. Nxd4 Nc6 6. Nxc6 bxc6 7. Bd3 e6 8. O-O
Ne7 9. Nd2 Ng6 10. Nf3 a5 11. Qe2 Qb6 12. h4 h5 13. Bxg6 fxg6 14. Qd3 Qb4 15.
Qxg6+ Kd8 16. Ng5 Kc7 17. Qf7+ Qe7 18. Be3 Rb8 19. c4 Qxf7 20. Nxf7 Rg8 21. b3
Ba6 22. cxd5 Bxf1 23. d6+ Kd7 24. Kxf1 Rb5 25. f4 g6 26. Ng5 Bh6 27. Ne4 Rf8 28.
Nf6+ Rxf6 29. exf6 Rf5 30. g3 e5 31. Kg2 exf4 32. gxf4 Bxf4 33. Bd4 Bxd6 34. Re1
Rf4 35. Rd1 Ke6 36. Bc3 a4 37. Re1+ Kf7 38. Rd1 Ke6 39. bxa4 Rxa4 40. Rd2 Rg4+
41. Kf1 Re4 42. Re2 Rxe2 43. Kxe2 Bg3 44. a4 Bxh4 45. a5 Bg3 46. a6 Bb8 47. Kf3
g5 48. Ke4 h4 49. Be5 Ba7 50. Kf3 h3 51. Kg3 g4 52. Bc3 Bb8+ 53. Kf2 g3+ 54. Kf3
g2 55. Bd4 Kf7 56. Kf2 Kg6 57. Kf3 Kf7 58. Kf2 Ke6 59. Kf3 Kf7 1/2-1/2